| 000 | 00349nam a2200133Ia 4500 | ||
|---|---|---|---|
| 005 | 20251222144807.0 | ||
| 008 | 251222s9999||||xx |||||||||||||| ||spa|| | ||
| 020 | _a84-205-3833-7 | ||
| 082 | _a371.27/C34P | ||
| 100 | _aCastillo Arredondo, Santiago | ||
| 245 | 0 | _aPrácticas de Evaluación Educativa: | |
| 264 | _bPearson Educación | ||
| 942 | _cLIB | ||
| 999 |
_c19959 _d19959 |
||